000 02666cam a22002054a 4500
005 20250605164408.0
008 250528s ||||||||||||||||||||||||d
035 _a24890
020 _a9789609490238
040 _aGR-AtMCL
_bgre
_dGR-AtMCL
_eAACR2
245 1 _aΗ Διαδικασία Διαδοχής στις Οικογενειακές Επιχειρήσεις / Δεν Υπάρχει Επιτυχία Χωρίς μια Καλή Διαδοχή: Β' Έκδοση
260 _bEconomia Publishing,
_c2013
300 _a224
520 _aΕυχαριστίες, Πρόλογος, Εισαγωγή, Βασικές Αρχές Διαχείρισης, Από την Πλάνη της Εσωστρέφειας στην Ευφυϊα της Συνύφανσης, Ο Μανάβης της Λαϊκής και ο CEO μιας Μεγάλης Επιχείρησης, Ο Γενικός Διευθυντής της Μεγάλης Επιχείρησης: Το Επιχειρησικό Δαιμόνιο, Ο Γενικός Διευθυντής της Μεγάλης Επιχείρησης: Το Ανθρώπινο Δαιμόνιο, Ο Γενικός Διευθυντής της Μεγάλης Επιχείρησης: Το Επενδυτικό Δαιμόνιο, Το Χρυσό και το Ασημένιο Τρίγωνο, Το Θέμα της Διαδοχής ή η Μεταλαμπάδευση, Η Προετοιμασία για τη Διαδικασία της Διαδοχής, Βασικές Αρχές της Διαδικασίας Διαδοχής, Το Εγχειρίδιο του Παρόχου, Απαραίτητες Γνώσεις και Ενέργειες για την Επιλογή του Διαδόχου σε μια Οικογενειακή Επιχείρηση, Η Απόφαση για τη Διαδοχή Είναι Συλλογική, Πρακτικός Οδηγός Παρέμβασης στη Διαδικασία Διαδοχής, Η Διαδικασία της Διαδοχής Οικογενειακών Επιχειρήσεων: Τελική Φάση, Επίλογος, Παραρτήματα, Η Ανταγωνιστικότητα της Ελλάδας, Μερικές Βασικές Έννοιες για το Χρηματιστήριο και το Επενδυτικό Κεφάλαιο, Η Επένδυση στην Επιχείρηση, Το Θέμα της Διαδοχής στην Ε. Ε., Μελέτες Περιπτώσεων, Βιβλιογραφία, Ευρετήριο.
700 1 _aΓεωργίου Χρήστος Ε
_99637
700 1 _aΚεφαλας Αστεριος Γ
_9470
942 _cBK
999 _c9725
_d9725